Entry Personal Name
Number of records used in: 1
001 - CONTROL NUMBER
003 - CONTROL NUMBER IDENTIFIER
005 - DATE AND TIME OF LATEST TRANSACTION
- control field:
20200127134810.0
008 - FIXED-LENGTH DATA ELEMENTS
- fixed length control field:
780926n| acannaabn |a aaa
010 ## - LIBRARY OF CONGRESS CONTROL NUMBER
- LC control number:
n 78069657
035 ## - SYSTEM CONTROL NUMBER
- System control number:
(OCoLC)oca00205141
040 ## - CATALOGING SOURCE
- Original cataloging agency:
DLC
- Language of cataloging:
eng
- Transcribing agency:
DLC
- Modifying agency:
DLC
- Modifying agency:
OCoLC
100 1# - HEADING--PERSONAL NAME
- Personal name:
Della Bitta, Albert J.
400 1# - SEE FROM TRACING--PERSONAL NAME
- Personal name:
Bitta, Albert J. Della
670 ## - SOURCE DATA FOUND
- Source citation:
Loudon, D. L. Consumer behavior, c1979 (a.e.)
- Information found:
t.p. (Albert J. Della Bitta, Coll. of Business Admin., U. of Rhode Island)